Loading...
| Science - Other Science | 2 | 7 | 1 | 2 | 95 | 34 | 104.67 | 1 | 9 |
| Science - Biology | 3 | 3 | 1 | 1 | 70 | 47 | 76.67 | 6 | 6 |
| Science - Physics | 0 | 7 | 1 | 1 | 65 | 81 | 111.29 | 3 | 7 |
| Science - Chemistry | 1 | 4 | 1 | 2 | 50 | 41 | 112.60 | 1 | 5 |
| Social Science | 0 | 3 | 0 | 1 | 30 | 126 | 135.67 | 2 | 3 |
| Religion | 0 | 2 | 0 | 1 | 20 | 130 | 136.50 | 0 | 2 |
| Philosophy | 0 | 2 | 0 | 2 | 20 | 134 | 140.50 | 0 | 2 |
| Fine Arts - Visual Fine Arts | 0 | 2 | 1 | 0 | 15 | 99 | 123.00 | 0 | 2 |
| Current Events | 0 | 1 | 0 | 0 | 10 | 77 | 77.00 | 0 | 1 |
| Literature - European Literature | 0 | 1 | 0 | 0 | 10 | 129 | 129.00 | 0 | 1 |
| History - Ancient History | 0 | 1 | 0 | 0 | 10 | 134 | 134.00 | 0 | 1 |
| Geography | 0 | 1 | 0 | 0 | 10 | 129 | 129.00 | 1 | 1 |